Špecifické prípady účtovania u podnikateľov. 2
Hmotný a nehmotný investičný majetok: obstaranie, účtovanie kurzových rozdielov, daň z pridanej hodnoty a investičný majetok, odpisovanie a vyraďovanie investičného majetku. Tvorba analytických účtov k účtovnému odpisu na účte 551-Odpisy nehmotného a hmotného investičného majetku na konci roka pre p...
Enregistré dans:
| Auteur principal: | |
|---|---|
| Format: | Chapitre de livre |
| Langue: | slovaque |
| Sujets: | |
| Tags: |
Pas de tags, Soyez le premier à ajouter un tag!
|
MARC
| LEADER | 00000naa a2200000 4500 | ||
|---|---|---|---|
| 001 | r018088 | ||
| 005 | 20221205103241.8 | ||
| 041 | 0 | |a slo | |
| 044 | |a SK | ||
| 245 | 1 | 0 | |a Špecifické prípady účtovania u podnikateľov. 2 |c Z. Klimentová |
| 520 | |a Hmotný a nehmotný investičný majetok: obstaranie, účtovanie kurzových rozdielov, daň z pridanej hodnoty a investičný majetok, odpisovanie a vyraďovanie investičného majetku. Tvorba analytických účtov k účtovnému odpisu na účte 551-Odpisy nehmotného a hmotného investičného majetku na konci roka pre potreby vyčíslenia daňového základu. Predčasné vyradenie investičného majetku za celú dobu používania a pri predaji na daňové účely. | ||
| 610 | 2 | 0 | |a účtovníctvo podvojné |
| 610 | 2 | 0 | |a podnikatelia |
| 610 | 2 | 0 | |a majetok investičný |
| 610 | 2 | 0 | |a účty |
| 610 | 2 | 0 | |a dane z hodnoty pridanej |
| 610 | 2 | 0 | |a odpisy daňové |
| 610 | 2 | 0 | |a odpisy účtovné |
| 610 | 2 | 0 | |a vyraďovanie prostriedkov základných |
| 610 | 2 | 0 | |a ceny obstarávacie |
| 610 | 2 | 0 | |a účtovanie |
| 610 | 2 | 0 | |a odpisy |
| 100 | 1 | |a Klimentová, Zuzana | |